The Economic history review : (Record no. 9987)

MARC details
000 -LEADER
fixed length control field 01008nac a22002891u 4500
010 ## - LIBRARY OF CONGRESS CONTROL NUMBER
LC control number 29011002
022 0# - INTERNATIONAL STANDARD SERIAL NUMBER
International Standard Serial Number 0013-0117
035 ## - SYSTEM CONTROL NUMBER
System control number (OCoLC)ocm01883400
082 #4 - DEWEY DECIMAL CLASSIFICATION NUMBER
Classification number 330.9
Item number ECO
090 ## - LOCALLY ASSIGNED LC-TYPE CALL NUMBER (OCLC); LOCAL CALL NUMBER (OCLC)
-- 9987
-- 9987
100 ## - MAIN ENTRY--PERSONAL NAME
Personal name 20080729
245 04 - TITLE STATEMENT
Title The Economic history review :
Number of part/section of a work V. 60 No. 3 Aug. (2007).
260 ## - PUBLICATION, DISTRIBUTION, ETC. (IMPRINT)
Place of publication, distribution, etc Oxford,
Name of publisher, distributor, etc Blackwell Pub., 2007.
Date of publication, distribution, etc c2007.
300 ## - PHYSICAL DESCRIPTION
Extent v.
Dimensions 26 cm.
500 ## - GENERAL NOTE
General note Donations - AUC.
500 ## - GENERAL NOTE
General note Donations.
504 ## - BIBLIOGRAPHY, ETC. NOTE
Bibliography, etc Includes bibliographical references.
511 ## - PARTICIPANT OR PERFORMER NOTE
Participant or performer note Catalogued by: Sara
650 #0 - SUBJECT ADDED ENTRY--TOPICAL TERM
Topical term or geographic name as entry element Economic history
Form subdivision Periodicals.
650 #0 - SUBJECT ADDED ENTRY--TOPICAL TERM
Topical term or geographic name as entry element Economische geschiedenis.
650 #0 - SUBJECT ADDED ENTRY--TOPICAL TERM
Topical term or geographic name as entry element Histoire eÌ?conomique
Form subdivision PeÌ?riodiques.
651 #0 - SUBJECT ADDED ENTRY--GEOGRAPHIC NAME
Geographic name Great Britain
General subdivision Economic conditions
651 #0 - SUBJECT ADDED ENTRY--GEOGRAPHIC NAME
Geographic name Grande-Bretagne
General subdivision Conditions eÌ?conomiques
710 2# - ADDED ENTRY--CORPORATE NAME
Corporate name or jurisdiction name as entry element Economic History Society.
942 ## - ADDED ENTRY ELEMENTS (KOHA)
Item type NB - Book (Non borrowing)
Call number prefix 330.9ECO
Holdings
Withdrawn status Item status Damaged status Not for loan Home library Current library Shelving location Date acquired Source of acquisition Total Checkouts Full call number Barcode Date last seen Date last borrowed Koha item type
        Central Library Central Library First floor 08/07/2014 Purchase 1 330.9ECO 000013059 15/07/2025 01/12/2010 NB - Book (Non borrowing)